Statistiken für Die Top 16 aller PDC Dartsspieler 2002

Klicken Sie hier um das Quiz zu spielen!

Allgemein

  • Dieses Quiz wurde 13 mal gespielt
  • Das Durchschnittsergebnis liegt bei 9 aus 16

Antwortstatistiken

WeltranglistenplatzLandDartsspieler% Korrekt
1EnglandPhil Taylor
100%
13EnglandJohn Lowe
83%
2KanadaJohn Part
83%
5EnglandPeter Manley
83%
4EnglandAlan Warriner-Little
67%
6EnglandColin Lloyd
67%
15EnglandRod Harrington
67%
3NiederlandeRoland Scholten
67%
9EnglandDennis Smith
50%
8WalesRichie Burnett
50%
7EnglandRonnie Baxter
50%
10EnglandDave Askew
33%
16SchottlandJamie Harvey
33%
14EnglandKeith Deller
33%
11EnglandAndy Jenkins
17%
12EnglandDenis Ovens
0%

Verteilung der Resultate

Perzentil nach korrekt beantworteten Fragen

Anzahl Personen mit jedem Resultat

Ihre Resultats-Entwicklung

Sie haben dieses Quiz noch nicht gespielt